000 00685nam a2200253Ia 4500
003 OSt
005 20221007110651.0
006 a|||||r|||| 00| 0
007 ta
008 221006b |||||||| |||| 00| 0 eng d
020 _a853080259
024 _a21,585
037 _cTextual
040 _aLCO
_cLCO
_beng
041 _2eng
_aeng
082 _aX8(A):9588:(Z), L2
100 _aBoulton A. Harding
_9691273
245 0 _aLaw and Practice of Social Security
260 _aLondon
_bJordan & Sons Limited U.K.
_c1972
300 _a285
650 _aSOCIAL SECURITY
942 _hX8(A):9588:(Z), L2
_cTEXL
999 _c1191148
_d1191148